000 01257cam a22003377i 4500
001 4403
005 20260326081446.0
020 _a9780062110756
040 _aYDXCP
_cYDXCP
_erda
_dBTCTA
_dBDX
_dOCO
_dWIM
_dZHB
_dIUK
_dVHP
_dJQM
_dIEP
_dDCH
_dOCLCA
_dVP@
_dDLC
_beng
050 0 0 _aPZ7.D34416
_b2014
082 0 4 _a813.6
100 1 _aDean, Kimberly
_d1969-
_eauthor
245 1 0 _aPete the Cat :
_btoo cool for school /
_cby Kimberly and James Dean.
246 3 0 _aToo cool for school
250 _aFirst Edition.
260 _aNew York :
_bHarper Collins ;
_c2014 .
300 _a31 pages :
_bcolor illustrations ;
_c24 cm.
490 0 _aPete the cat
490 1 _aI can read! My first shared reading
505 _aE
520 _a"Pete just can't decide which outfit to wear to school! He has so many options to choose from. Fans of Pete the Cat will enjoy Pete's creativity in choosing the coolest outfit" --
521 1 _a210
_bLexile
521 0 _aE
_bRaz-Plus
650 0 _aCats
_vJuvenile fiction.
650 0 _aClothing and dress
_vJuvenile fiction.
650 1 _aCats
_vFiction.
650 1 _aClothing and dress
_vFiction.
700 1 _aDean, James
_d1957-
906 _a7
_bcbc
_ccopycat
_d2
_encip
_f20
_gy-gencatlg
942 _2ddc
_cBK
_n0
999 _c4403
_d4403